01906nam a2200337 i 4500003000900000005001700009006001900026007000300045008004100048020001800089040003000107041000800137082002500145245024200170250002300412264008800435300002800523336002700551337003300578338002800611490004200639500008000681500007400761505034600835651007801181651006701259651006901326700007101395700005101466700005101517DO-SdBNP20260303090148.0a||||gr|||| 00| 0 ta240523e2023 dr ||||| |||| 00| e spa d a9789945250572 aDO-SdBNPbspacBNPHUerda aspa 4a972.93053bM338s22204aLos marines en Santo Domingo :bselección de artículos publicados en sus revistas 1916-1965 /ccompilador y prólogo, Eliades Acosta Matos ; traducción, Miriam Estela Milán Martín ; cuidado de edición, Kary Alba Rocha Arias. aPrimera edición  4aSanto Domingo, República Dominicana : bArchivo General de la Nación,c©2023. a623 páginas ;c26 cm. atextobtxt2rdacontent asin mediaciónbn2rdamedia avolumenbnc2rdacarrier0 aArchivo General de la Nación ;v464 aIncluye datos biográficos del compilador en las solapas de las cubiertas. aIncluye referencias bibliográficas y notas al pie de las páginas. aPrólogo /rEliades Acosta Matos.--tArtículos del Gaceta del Cuerpo de Infantería de Marines, EE. UU.-- tArtículos de Gaceta de la Fuerza de Infantería de Marines, EE. UU.-- tArtículos de Gaceta del Cuerpo de Marines, EE. UU.-- tArtículos de Boletín del Cuerpo de Marines, EE. UU.-- tArtículos de El Marine, EE. UU.--  7aRepública DominicanaxHistoriaxOcupación Military1916-1965vFuentes 7aEstados UnidosxRelaciones militares zRepública Dominicana  9aRepública Dominicana xRelaciones militares z Estados Unidos 1 aAcosta Matos, Eliades,d1959-ecompilador4com.4pr.eprologuista 1 aMilán Martín, Miriam Estela,etraducción1 aRocha Arias, Kary Alba, ecuidado de edición